Cellular components of the second line of defense - Statistics

General Stats
  • This quiz has been taken 4 times
  • The average score is 5 of 11
Answer Stats
Hint Answer % Correct
is a myelocyte eosinophil
100%
non-cellular , B lymphocyte and humoral immune response 2nd memory cell
50%
is a monocyte, phagocyte and an antigen-presenting cell dendritic cell
50%
is a monocyte, phagocyte and an antigen-presenting cell macrophage
50%
is a myelocyte mast cell
50%
non-cellular , T lymphocyte and cell-mediated immune response memory cell
50%
is a large granular lyphocyte natural killer cell
50%
is a myelocyte and a phagocyte neutrophil
50%
non-cellular , T lymphocyte and cell-mediated immune response cytotoxic T cell
0%
non-cellular , B lymphocyte and humoral immune response plasma cell
0%
non-cellular , T lymphocyte and cell-mediated and humoral immune response T helper cell
0%
No matching quizzes found
Score Distribution
Percent of People with Each Score
Percentile by Number Answered
Your Score History
You have not taken this quiz